Countries in the Sahara Desert - Statistics

General Stats
  • This quiz has been taken 12 times
  • The average score is 10 of 10
Answer Stats
Answer % Correct
Algeria
100%
Egypt
100%
Mali
100%
Mauritania
100%
Morocco
100%
Niger
100%
Sudan
100%
Tunisia
100%
Chad
92%
Libya
83%
No matching quizzes found
Score Distribution
Percent of People with Each Score
Percentile by Number Answered
Your Score History
You have not taken this quiz